| 000 | 00599nam a22001937a 4500 | ||
|---|---|---|---|
| 003 | OSt | ||
| 005 | 20260129040309.0 | ||
| 008 | 260129b |||||||| |||| 00| 0 eng d | ||
| 020 | _a0-471-41572-3 | ||
| 040 |
_aDWC-Main Lib. _cOC |
||
| 082 |
_26th ed. _aCirc. 0-471-41572-3 |
||
| 100 | _aAaker, David A. | ||
| 245 |
_aStrategic market management/ _cDavid A. Aaker |
||
| 250 | _a6th ed. | ||
| 260 |
_aNew York : John Wiley and Sons, Inc., c2001 _bJohn Wiley and Sons, Inc., _cc2001, |
||
| 300 |
_axiv, 338 p. ; _c23 cm. |
||
| 500 | _aIncludes index. | ||
| 942 |
_2ddc _cBK-CIRC _e6th ed. _hCirc. _n0 |
||
| 999 |
_c7957 _d7957 |
||